000 00231 a2200097 4500
001 48611
100 _aSunnucks, R
245 _aAir rule of the road and air legislation
260 _aGlasgow
_bBrown son
_c
090 _c31538
_d31538
942 _aNUST-CAE
_cM
_c23934
999 _c283684
_d283684